00708nam a2200181Ia 4500008004100000020001800041041000800059082002300067100003100090245005800121260001900179300000800198365001600206700005300222906005400275999001900329952017800348230718s9999 xx 000 0 und d a9789350096642 aeng a641.3'547'923bBOS aBose D. (Compiler)9194468 a The Connoisseur's Guide To Eating Out In Mumbai 2013 c2013bHachette a328 cRs.b499.00 aBose D. (Compiler) & Pahwa V. (Compiler)9194469 dO:0333014-Mar-2013B:284408-Mar-2013cCOMPb109.78 c332192d332192 00104070aCCEPbCCEPd2013-03-14eTechnical Book ServicesfCOMPg389.22i2844l0o641.3'547'923pCCEP-BK-43399r2023-07-18 00:00:00t109.78v499.00w2013-03-08yBKz043399